000 00296nam a2200121Ia 4500
008 230917s9999||||xx |||||||||||||| ||und||
040 _e153601
_aMAIN
041 _aEnglish
082 _a294.1 49V
100 _aMimavsak, Yudhisthar
245 0 _aVedanam mahtavam tattpscharopayach
942 _cBK
999 _c223890
_d223890